Southville International School and Colleges
Your cart is empty.
  • Cart
  • Lists
    Public lists Eva Luna New books Lux_list list_1
    Your lists Log in to create your own lists
  • Log in to your account
  • Your cookies
  • Search history
Southville International School and Colleges
  • Advanced search
  • Recent comments
  • Most popular
  • Libraries

Log in to your account

Log in with GOOGLE


If you do not have an external account, but do have a local account, you can still log in:

  1. Home
  2. MARC view: Gabi and the engkanto :
Normal view MARC view ISBD view

Gabi and the engkanto : (Record no. 1689)

[ view plain ]
MARC details
000 -LEADER
fixed length control field 00610nam a22001937a 4500
003 - CONTROL NUMBER IDENTIFIER
control field OSt
005 - DATE AND TIME OF LATEST TRANSACTION
control field 20140310181714.0
008 - FIXED-LENGTH DATA ELEMENTS--GENERAL INFORMATION
fixed length control field 121213t xxu||||| |||| 00| 0 eng d
020 ## - INTERNATIONAL STANDARD BOOK NUMBER
International Standard Book Number 9715690017
050 ## - LIBRARY OF CONGRESS CALL NUMBER
Classification number GR 325
Item number .C551 1990
082 ## - DEWEY DECIMAL CLASSIFICATION NUMBER
Classification number FIL 808.899282
Item number C456ga 1990
100 ## - MAIN ENTRY--PERSONAL NAME
Personal name Chorengel, Marla Yatoko
245 ## - TITLE STATEMENT
Title Gabi and the engkanto :
Statement of responsibility, etc Marla Yatoko Chorengel.
Remainder of title the story of the first gabi plant and why its leaves never get wet /
260 ## - PUBLICATION, DISTRIBUTION, ETC. (IMPRINT)
Place of publication, distribution, etc Makati City :
Name of publisher, distributor, etc Bookmark,
Date of publication, distribution, etc c1990.
300 ## - PHYSICAL DESCRIPTION
Extent 1 v. [unpaged] :
Other physical details ill. ;
Dimensions 19 x 26 cm.
562 ## - COPY AND VERSION IDENTIFICATION NOTE
Number of copies 1
942 ## - ADDED ENTRY ELEMENTS (KOHA)
Source of classification or shelving scheme Library of Congress Classification
Koha item type Books
Call number prefix Filipininana
Holdings
Withdrawn status Lost status Source of classification or shelving scheme Damaged status Home library Current library Shelving location Date acquired Total Checkouts Full call number Barcode Date last seen Copy number Price effective from Koha item type
    Library of Congress Classification   Luxembourg Library Luxembourg Library Filipiniana Section 12/13/2012   GR 325 .C551 1990 2938 08/13/2013 1 10/03/2013 Books
    Library of Congress Classification   Luxembourg Library Luxembourg Library Filipiniana Section 06/28/2013   GR 325 .C551 1990 0318 08/13/2013 2 10/03/2013 Books

Gabi and the engkanto :

APA

Chorengel M. Y., . (1990). Gabi and the engkanto. Makati City: Bookmark.

Chicago

Chorengel Marla Yatoko, . 1990. Gabi and the engkanto. Makati City: Bookmark.

Harvard

Chorengel M. Y., . (1990). Gabi and the engkanto. Makati City: Bookmark.

MLA

Chorengel Marla Yatoko, . Gabi and the engkanto. Makati City: Bookmark. 1990.

  • Place hold
  • Print
  • Cite
  • Add to your cart (remove)
  • Save record
    BIBTEX Dublin Core MARCXML MARC (non-Unicode/MARC-8) MARC (Unicode/UTF-8) MARC (Unicode/UTF-8, Standard) MODS (XML) RIS
  • More searches
    Search for this title in:
    Other Libraries (WorldCat) Other Databases (Google Scholar) Online Stores (Bookfinder.com) Open Library (openlibrary.org)

Exporting to Dublin Core...

SOUTHVILLE LIBRARY

Southville International School and Colleges Library

1281 Tropical Ave. Cor. Luxembourg St., BF Homes International, Las Pinas City

Tel. No. 8256374 / 252358 Loc. 117/146

Powered by Koha